000 00430nam a22001697a 4500
003 OSt
008 250424b |||||||| |||| 00| 0 eng d
020 _a9781041046059
082 _a006.35 SIN
100 _aSINGH,Jyotika
245 _aNatural Language Processing in the Real World
250 _a1st Rep Ed
260 _aNew York
_bCRC Press
_c2025
300 _a362
650 _aNatural Language Processing
942 _2ddc
_cBK
999 _c13413
_d13413